Poesía prepóstuma /
Número de inscripción 14077
Saved in:
| Main Author: | |
|---|---|
| Format: | Unknown |
| Language: | Spanish |
| Published: |
Guatemala:
Tipografía Nacional,
2008
|
| Edition: | 1. edición |
| Series: | Clásicos de la literatura guatemalteca
volumen 5 |
| Subjects: | |
| Tags: |
Add Tag
No Tags, Be the first to tag this record!
|
MARC
| LEADER | 000000000a22000000004500 | ||
|---|---|---|---|
| 001 | 001017 | ||
| 008 | 170621s2008 gt ||||| |||| 00| p spa d | ||
| 020 | |a 9789993960874 | ||
| 041 | 0 | |a español | |
| 082 | |a G861.4 |b R621p | ||
| 100 | 1 | |a Rivera, Luis Eduardo, |e 1949- | |
| 245 | 1 | 0 | |a Poesía prepóstuma / |c Luis Eduardo Rivera |
| 250 | |a 1. edición | ||
| 260 | |a Guatemala: |b Tipografía Nacional, |c 2008 | ||
| 300 | |a 211 páginas | ||
| 490 | 1 | |a Clásicos de la literatura guatemalteca |v volumen 5 | |
| 520 | |a Número de inscripción 14077 | ||
| 650 | 4 | |a LITERATURA GUATEMALTECA |v POESÍA | |
| 942 | |2 ddc |c BK | ||
| 999 | |c 2144 |d 2144 | ||



